Presidents of Croatia by Picture - Statistics

General Stats
  • This quiz has been taken 17 times
  • The average score is 6 of 7
Answer Stats
Picture Hint Answer % Correct
1990-1999 Franjo Tuđman
100%
2020-Present Zoran Milanović
100%
2015-2020 Kolinda Grabar-Kitarović
92%
2000-2010 Stjepan Mesić
92%
2010-2015 Ivo Josipović
85%
1999-2000 Vlatko Pavletić
46%
2000 Zlatko Tomčić
46%
No matching quizzes found
Score Distribution
Percent of People with Each Score
Percentile by Number Answered
Your Score History
You have not taken this quiz